[Event "DEM U18 2009"]
[Site "Willingen GER"]
[Date "2009.06.03"]
[Round "6"]
[White "Jorczik, Julian"]
[Black "Poetsch, Hagen"]
[Result "0-1"]
[Termination "normal"]
[Board "1"]
[WhiteTitle "FM"]
[WhiteElo "2354"]
[BlackElo "2281"]
[PlyCount "84"]
[WhiteFideId "24611719"]
[BlackFideId "24615137"]
[EventCountry "GER"]
[EventRounds "9"]
[EventType "swiss"]
[EventDate "2009.05.30"]

1. d4 Nf6 2. c4 e6 3. Nf3 b6 4. g3 Ba6 5. Qc2 Bb4+ 6. Nbd2 Bb7 7. Bg2 Be4 8.
Qd1 O-O 9. O-O Bxd2 10. Bxd2 d6 11. Bc3 Nbd7 12. Bh3 Qe7 13. Nd2 Bb7 14. Re1
Rfe8 15. e4 e5 16. d5 a5 17. b3 Nc5 18. Qc2 Bc8 19. Bg2 Bd7 20. a3 Nh5 21. Rac1
Rf8 22. b4 Na4 23. Ba1 Qg5 24. Nf3 Qe7 25. c5 axb4 26. axb4 bxc5 27. bxc5 Nxc5
28. Bxe5 Ba4 29. Qc3 Nb3 30. Qxc7 Qxc7 31. Rxc7 dxe5 32. Nxe5 Nf6 33. Nc4 Ne8
34. Re7 Bb5 35. Nb6 Ra6 36. Rb1 Bd3 37. Bf1 Bxf1 38. Nd7 Bh3 39. Nxf8 Kxf8 40.
Rb7 Nd2 41. Rd1 Nf3+ 42. Kh1 Ra2 0-1

[Event "DEM U18 2009"]
[Site "Willingen GER"]
[Date "2009.06.03"]
[Round "6"]
[White "Savchenko, Aleksij"]
[Black "Huschenbeth, Niclas"]
[Result "1/2-1/2"]
[Termination "normal"]
[Board "2"]
[BlackTitle "IM"]
[WhiteElo "2239"]
[BlackElo "2425"]
[PlyCount "54"]
[WhiteFideId "24611727"]
[BlackFideId "24604747"]
[EventCountry "GER"]
[EventRounds "9"]
[EventType "swiss"]
[EventDate "2009.05.30"]

1. d4 Nf6 2. Nf3 g6 3. c4 Bg7 4. Nc3 d6 5. e4 O-O 6. Be2 e5 7. O-O Nc6 8. d5
Ne7 9. b4 Nh5 10. Re1 f5 11. Ng5 Nf6 12. Bf3 c6 13. b5 h6 14. Ne6 Bxe6 15. dxe6
fxe4 16. Nxe4 Nxe4 17. Bxe4 d5 18. cxd5 cxd5 19. Ba3 dxe4 20. Qxd8 Rfxd8 21.
Bxe7 Re8 22. Bc5 Rxe6 23. Rxe4 a6 24. b6 Rc8 25. Be3 Rc2 26. h3 Kf7 27. Rd1 Ke7
1/2-1/2

[Event "DEM U18 2009"]
[Site "Willingen GER"]
[Date "2009.06.03"]
[Round "6"]
[White "Dann, Matthias"]
[Black "Geske, Julian"]
[Result "1/2-1/2"]
[Termination "normal"]
[Board "3"]
[WhiteElo "2236"]
[BlackElo "2241"]
[PlyCount "36"]
[WhiteFideId "24638056"]
[BlackFideId "24605263"]
[EventCountry "GER"]
[EventRounds "9"]
[EventType "swiss"]
[EventDate "2009.05.30"]

1. e4 e5 2. Nf3 Nc6 3. Bb5 a6 4. Bxc6 dxc6 5. O-O Be7 6. d4 Nf6 7. Nc3 exd4 8.
Nxd4 O-O 9. f3 Bd6 10. Be3 Re8 11. Qd2 c5 12. Nde2 Nh5 13. f4 Nf6 14. e5 Ng4
15. h3 Nxe3 16. Qxe3 f6 17. Ne4 fxe5 18. f5 Rf8 1/2-1/2

[Event "DEM U18 2009"]
[Site "Willingen GER"]
[Date "2009.06.03"]
[Round "6"]
[White "Wendling, Hannes"]
[Black "Strunski, Andreas"]
[Result "0-1"]
[Termination "normal"]
[Board "4"]
[WhiteElo "2132"]
[BlackElo "2329"]
[PlyCount "92"]
[WhiteFideId "24624284"]
[BlackFideId "24606073"]
[EventCountry "GER"]
[EventRounds "9"]
[EventType "swiss"]
[EventDate "2009.05.30"]

1. e4 e6 2. d4 d5 3. Nc3 Nf6 4. Bg5 dxe4 5. Nxe4 Be7 6. Bxf6 gxf6 7. Qd3 f5 8.
Nd2 c5 9. Nb3 cxd4 10. Qxd4 Qxd4 11. Nxd4 a6 12. O-O-O b5 13. Be2 Ra7 14. Ngf3
Rc7 15. Kb1 Bb7 16. Rc1 O-O 17. c4 Rfc8 18. Nd2 Bg5 19. N4b3 a5 20. Rhf1 a4 21.
f4 axb3 22. fxg5 bxa2+ 23. Kxa2 Bxg2 24. Rg1 Bd5 25. b3 Na6 26. Kb2 bxc4 27.
Nxc4 Nc5 28. Nd2 Rb8 29. Bc4 Rd8 30. Rc2 Bxc4 31. Nxc4 Rb7 32. Rg3 Rb5 33. Na3
Ra5 34. b4 Rb8 35. b5 Na4+ 36. Kb3 Nb6 37. h4 Ra4 38. h5 Rba8 39. Kb2 Rb4+ 40.
Kc1 Kg7 41. Rc7 f4 42. Rf3 Nd5 43. Rc5 Rb8 44. Kc2 h6 45. gxh6+ Kxh6 46. Rh3
Rg8 0-1

[Event "DEM U18 2009"]
[Site "Willingen GER"]
[Date "2009.06.03"]
[Round "6"]
[White "Nuber, Blasius"]
[Black "Seyb, Alexander"]
[Result "0-1"]
[Termination "normal"]
[Board "6"]
[WhiteElo "2104"]
[BlackElo "2271"]
[PlyCount "58"]
[WhiteFideId "24620289"]
[BlackFideId "4699033"]
[EventCountry "GER"]
[EventRounds "9"]
[EventType "swiss"]
[EventDate "2009.05.30"]

1. Nf3 d5 2. d4 Nf6 3. c4 c6 4. Qc2 dxc4 5. Qxc4 Bf5 6. Nc3 e6 7. a4 Na6 8. Bd2
Qb6 9. Nd1 Ne4 10. a5 Qc7 11. Nc3 Nxd2 12. Nxd2 e5 13. e4 exd4 14. Qxd4 Nb4 15.
Rc1 Be6 16. a6 bxa6 17. Be2 Rd8 18. Qe3 Bd6 19. g3 O-O 20. O-O Qb6 21. Nc4 Qxe3
22. Nxe3 Bc5 23. Nc2 Nd3 24. Ra1 Nxb2 25. Rxa6 Rd2 26. Rxc6 Bb6 27. Ne3 Bd7 28.
Nc4 Rxe2 29. Rxb6 axb6 0-1

[Event "DEM U18 2009"]
[Site "Willingen GER"]
[Date "2009.06.03"]
[Round "6"]
[White "Kachibadze, Georg"]
[Black "Müller, Reinhold"]
[Result "1/2-1/2"]
[Termination "normal"]
[Board "7"]
[WhiteElo "2171"]
[BlackElo "2264"]
[PlyCount "97"]
[WhiteFideId "24640794"]
[BlackFideId "24605875"]
[EventCountry "GER"]
[EventRounds "9"]
[EventType "swiss"]
[EventDate "2009.05.30"]

1. e4 c5 2. Nf3 d6 3. d4 cxd4 4. Nxd4 Nf6 5. Nc3 g6 6. Be3 Bg7 7. f3 O-O 8. Bc4
Nc6 9. Qd2 Bd7 10. O-O-O Rc8 11. Bb3 Ne5 12. Kb1 Nc4 13. Bxc4 Rxc4 14. g4 b5
15. b3 Rc8 16. Ndxb5 a6 17. Nd4 Qc7 18. Kb2 e5 19. Nde2 d5 20. g5 Nxe4 21. fxe4
d4 22. Nd5 dxe3 23. Nxc7 exd2 24. Nd5 Bg4 25. Rxd2 Kh8 26. Rf1 Rb8 27. c4 Be6
28. Kc2 Rfc8 29. Nc1 a5 30. Nd3 a4 31. Nb2 axb3+ 32. axb3 Bf8 33. Na4 Rc6 34.
Ra1 Ra8 35. Kd3 Bd6 36. Rda2 Kg7 37. Nac3 Rb8 38. Nb5 h6 39. gxh6+ Kxh6 40. Ra8
Rxa8 41. Rxa8 f5 42. Nxd6 Rxd6 43. b4 Kg5 44. b5 Bxd5 45. exd5 Kf4 46. Ra6 e4+
47. Ke2 Rd8 48. Ra3 Ke5 49. Rg3 1/2-1/2

[Event "DEM U18 2009"]
[Site "Willingen GER"]
[Date "2009.06.03"]
[Round "6"]
[White "Kelbling, Philipp"]
[Black "Bigalke, Tobias"]
[Result "0-1"]
[Termination "normal"]
[Board "8"]
[WhiteElo "2072"]
[BlackElo "2112"]
[PlyCount "104"]
[WhiteFideId "24669750"]
[BlackFideId "4698282"]
[EventCountry "GER"]
[EventRounds "9"]
[EventType "swiss"]
[EventDate "2009.05.30"]

1. d4 d5 2. c4 c6 3. Nf3 Nf6 4. Nc3 a6 5. cxd5 cxd5 6. g3 e6 7. Bg2 b5 8. a3
Bb7 9. O-O Be7 10. Ne5 O-O 11. b4 Nbd7 12. Nd3 Nb6 13. Nc5 Bc6 14. Nb1 a5 15.
Bd2 Nc4 16. Bc3 axb4 17. Bxb4 Nd7 18. Nd3 Bxb4 19. Nxb4 Qb6 20. e3 Ra5 21. Qd3
Rfa8 22. Rc1 Bb7 23. Ra2 Qd6 24. Qb3 Ndb6 25. Nd3 Bc6 26. Nc5 Nd7 27. Nd3 Ndb6
28. Nc5 e5 29. Bf1 e4 30. Be2 g6 31. h4 Kg7 32. Kg2 h5 33. Qc3 Na4 34. Nxa4
Rxa4 35. Bxc4 bxc4 36. Rcc2 Bd7 37. Rcb2 Bg4 38. Qe1 Bf3+ 39. Kh2 g5 40. Rb5
gxh4 41. Nc3 hxg3+ 42. fxg3 Rxa3 43. Rxa3 Qxa3 44. Nxd5 Qa2+ 45. Kh3 Qg2+ 46.
Kh4 Qh2+ 47. Kg5 Qh3 48. Nf6 Ra6 49. Ne8+ Kh7 50. Nf6+ Rxf6 51. Kxf6 Qe6+ 52.
Kg5 f6+ 0-1

[Event "DEM U18 2009"]
[Site "Willingen GER"]
[Date "2009.06.03"]
[Round "6"]
[White "Zahn, Benno"]
[Black "Völsgen, Georg"]
[Result "1/2-1/2"]
[Termination "normal"]
[Board "9"]
[WhiteElo "1881"]
[BlackElo "1923"]
[PlyCount "82"]
[WhiteFideId "24636070"]
[BlackFideId "24635901"]
[EventCountry "GER"]
[EventRounds "9"]
[EventType "swiss"]
[EventDate "2009.05.30"]

1. e4 e5 2. Nc3 Nc6 3. Nf3 Nf6 4. a3 d6 5. d4 exd4 6. Nxd4 Be7 7. Bb5 Bd7 8.
Bxc6 bxc6 9. O-O O-O 10. f3 Ne8 11. g4 Bf6 12. Be3 g6 13. f4 c5 14. Nb3 Bxc3
15. bxc3 Qh4 16. g5 Qg4+ 17. Qxg4 Bxg4 18. Na5 Ng7 19. Rab1 Rfe8 20. e5 Nf5 21.
Bf2 dxe5 22. fxe5 Rxe5 23. Rfe1 Rd5 24. Rb7 Nd6 25. Rxc7 Rxg5 26. Rxc5 Bf5+ 27.
Kf1 Bh3+ 28. Ke2 Rxc5 29. Bxc5 Ne4 30. Bd4 Re8 31. Kd1 f5 32. Nc6 a6 33. Nb4
Bg2 34. Nd5 Nf2+ 35. Bxf2 Rxe1+ 36. Kxe1 Bxd5 37. Be3 Kg7 38. h4 Kf6 39. Bf4
Ke6 40. Kd2 Bc4 41. Ke3 Kd5 1/2-1/2

[Event "DEM U18 2009"]
[Site "Willingen GER"]
[Date "2009.06.03"]
[Round "6"]
[White "Tkachuk, Konstantyn"]
[Black "Pogan, Nicolas"]
[Result "1/2-1/2"]
[Termination "normal"]
[Board "10"]
[WhiteElo "2214"]
[BlackElo "2050"]
[PlyCount "48"]
[WhiteFideId "24647330"]
[BlackFideId "24673579"]
[EventCountry "GER"]
[EventRounds "9"]
[EventType "swiss"]
[EventDate "2009.05.30"]

1. e4 c6 2. d4 d5 3. Nc3 dxe4 4. Nxe4 Nd7 5. Ng5 Ngf6 6. Bd3 e6 7. N1f3 Bd6 8.
O-O h6 9. Ne4 Nxe4 10. Bxe4 Qc7 11. c4 Nf6 12. Bc2 b6 13. b3 Bb7 14. Bb2 O-O-O
15. Qe2 c5 16. dxc5 Bxc5 17. Ne5 Bd4 18. Bxd4 Rxd4 19. Rad1 Rhd8 20. Rxd4 Rxd4
21. Qe3 Rh4 22. g3 Ng4 23. Nxg4 Rxg4 24. f3 Rxg3+ 1/2-1/2

[Event "DEM U18 2009"]
[Site "Willingen GER"]
[Date "2009.06.03"]
[Round "6"]
[White "Hirschberg, Valerian"]
[Black "Bradler, Stephan"]
[Result "1/2-1/2"]
[Termination "normal"]
[Board "11"]
[WhiteElo "2079"]
[BlackElo "2006"]
[PlyCount "45"]
[WhiteFideId "24628492"]
[BlackFideId "24629367"]
[EventCountry "GER"]
[EventRounds "9"]
[EventType "swiss"]
[EventDate "2009.05.30"]

1. Nf3 Nf6 2. d4 g6 3. g3 Bg7 4. Bg2 O-O 5. O-O d6 6. c4 Nbd7 7. Nc3 e5 8. e4
a6 9. Re1 exd4 10. Nxd4 Re8 11. h3 Rb8 12. Be3 Ne5 13. b3 c5 14. Nde2 b5 15. f4
Ned7 16. Qxd6 b4 17. e5 bxc3 18. exf6 Rxe3 19. fxg7 Rb6 20. Qd1 Rbe6 21. Kf2
Qf6 22. Qc2 g5 23. Rad1 1/2-1/2

[Event "DEM U18 2009"]
[Site "Willingen GER"]
[Date "2009.06.03"]
[Round "6"]
[White "Falke, Isaak"]
[Black "Dupont, Gabriel"]
[Result "1/2-1/2"]
[Termination "normal"]
[Board "12"]
[WhiteElo "1950"]
[BlackElo "1852"]
[PlyCount "57"]
[WhiteFideId "24614483"]
[BlackFideId "4634802"]
[EventCountry "GER"]
[EventRounds "9"]
[EventType "swiss"]
[EventDate "2009.05.30"]

1. d4 d5 2. c4 c6 3. Nf3 Nf6 4. Nc3 dxc4 5. a4 Bf5 6. Nh4 Bg4 7. h3 Bh5 8. g4
Bg6 9. Nxg6 hxg6 10. e3 e6 11. Bxc4 Bb4 12. Bd2 Nbd7 13. Qe2 a5 14. Rc1 Qe7 15.
e4 Nb6 16. Bb3 Rd8 17. g5 Nfd7 18. f4 Nb8 19. Be3 c5 20. Qb5+ N8d7 21. Kf2 cxd4
22. Bxd4 Bc5 23. Ne2 Bxd4+ 24. Nxd4 O-O 25. Nf3 Rc8 26. Qxa5 Qd6 27. Qd2 Qxd2+
28. Nxd2 Nc5 29. Ke3 1/2-1/2

[Event "DEM U18 2009"]
[Site "Willingen GER"]
[Date "2009.06.03"]
[Round "6"]
[White "Moshtael, Wesal"]
[Black "Häusler, Felix"]
[Result "1-0"]
[Termination "normal"]
[Board "13"]
[WhiteElo "2133"]
[BlackElo "1990"]
[PlyCount "59"]
[WhiteFideId "24618551"]
[BlackFideId "24631337"]
[EventCountry "GER"]
[EventRounds "9"]
[EventType "swiss"]
[EventDate "2009.05.30"]

1. d4 Nf6 2. g3 d6 3. Bg2 g6 4. Nf3 Bg7 5. O-O O-O 6. c4 Nbd7 7. Nc3 c5 8. d5
a6 9. a4 Qc7 10. Qc2 Nb6 11. Nd2 e6 12. a5 Nbd7 13. e4 exd5 14. cxd5 b6 15.
axb6 Nxb6 16. b3 Nfd7 17. Bb2 Ne5 18. Nd1 f5 19. f4 Ng4 20. h3 Nf6 21. e5 Nfxd5
22. exd6 Qxd6 23. Nc4 Nxc4 24. Bxg7 Nce3 25. Nxe3 Nxe3 26. Bxf8 Qe6 27. Qc3
Kxf8 28. Bxa8 Nxf1 29. Qxc5+ Kg7 30. Rxf1 1-0

[Event "DEM U18 2009"]
[Site "Willingen GER"]
[Date "2009.06.03"]
[Round "6"]
[White "Mory, Martin"]
[Black "Meißner, Felix"]
[Result "1/2-1/2"]
[Termination "normal"]
[Board "14"]
[WhiteElo "1794"]
[BlackElo "2131"]
[PlyCount "105"]
[WhiteFideId "1271001"]
[BlackFideId "24671827"]
[EventCountry "GER"]
[EventRounds "9"]
[EventType "swiss"]
[EventDate "2009.05.30"]

1. e4 c5 2. Nf3 d6 3. d4 cxd4 4. Nxd4 Nf6 5. Nc3 a6 6. f3 e5 7. Nb3 Be6 8. Be3
Be7 9. Qd2 Nbd7 10. g4 b5 11. O-O-O O-O 12. g5 b4 13. Ne2 Ne8 14. h4 a5 15. Kb1
Nc7 16. f4 a4 17. Nbc1 f5 18. gxf6 Nxf6 19. Bg2 Qb8 20. f5 Bf7 21. Bf3 Rd8 22.
Rdg1 Kh8 23. h5 d5 24. Qe1 dxe4 25. Qg3 Nce8 26. Bg4 b3 27. h6 bxa2+ 28. Nxa2
Ba3 29. hxg7+ Kg8 30. Bb6 Rd3 31. cxd3 Qxb6 32. Qxe5 Rb8 33. b4 exd3 34. Nf4
Qc6 35. Nxd3 Qc4 36. Ndc1 Rc8 37. Be2 Qc2+ 38. Ka1 Bxc1 39. Nxc1 Rc3 40. Rg3
Rxg3 41. Qxg3 Qe4 42. Rh4 Qc2 43. Rh1 Qe4 44. Rh4 Qc2 45. Rh1 Bd5 46. Re1 Qd2
47. Rd1 Qxb4 48. Qd3 Qb8 49. Qd4 a3 50. Na2 Qb3 51. Nc1 Qb8 52. Na2 Qb3 53. Nc1
1/2-1/2

[Event "DEM U18 2009"]
[Site "Willingen GER"]
[Date "2009.06.04"]
[Round "7"]
[White "Poetsch, Hagen"]
[Black "Dann, Matthias"]
[Result "1/2-1/2"]
[Termination "normal"]
[Board "1"]
[WhiteElo "2281"]
[BlackElo "2236"]
[PlyCount "82"]
[WhiteFideId "24615137"]
[BlackFideId "24638056"]
[EventCountry "GER"]
[EventRounds "9"]
[EventType "swiss"]
[EventDate "2009.05.30"]

1. e4 c5 2. Nf3 d6 3. d4 Nf6 4. Nc3 cxd4 5. Nxd4 a6 6. Bg5 e6 7. f4 Qc7 8. f5
Be7 9. Qd3 b5 10. a3 Nc6 11. fxe6 fxe6 12. O-O-O O-O 13. Nxc6 Qxc6 14. Be2 Qc5
15. Be3 Qc7 16. Bf4 Bb7 17. Bxd6 Bxd6 18. Qxd6 Qxd6 19. Rxd6 Nxe4 20. Nxe4 Bxe4
21. Rxe6 Bxg2 22. Rg1 Bd5 23. Rd6 Be4 24. Rg4 Rae8 25. Rd7 g6 26. Rd2 Re7 27.
Rg3 Bf5 28. c4 Rfe8 29. Bf1 Rc8 30. Rc3 bxc4 31. Bxc4+ Kg7 32. Bxa6 Rxc3+ 33.
bxc3 Kf6 34. Kb2 h5 35. a4 h4 36. Bb5 g5 37. a5 g4 38. a6 Be4 39. Bd7 g3 40.
hxg3 hxg3 41. Bh3 Ra7 1/2-1/2

[Event "DEM U18 2009"]
[Site "Willingen GER"]
[Date "2009.06.04"]
[Round "7"]
[White "Huschenbeth, Niclas"]
[Black "Seyb, Alexander"]
[Result "1/2-1/2"]
[Termination "normal"]
[Board "2"]
[WhiteTitle "IM"]
[WhiteElo "2425"]
[BlackElo "2271"]
[PlyCount "165"]
[WhiteFideId "24604747"]
[BlackFideId "4699033"]
[EventCountry "GER"]
[EventRounds "9"]
[EventType "swiss"]
[EventDate "2009.05.30"]

1. e4 c5 2. Nf3 d6 3. d4 cxd4 4. Nxd4 Nf6 5. Nc3 a6 6. Bg5 Nbd7 7. f4 b5 8.
Bxf6 Nxf6 9. e5 b4 10. Na4 Nd5 11. Nc6 Qc7 12. Qxd5 e6 13. exd6 Bxd6 14. Qc4
Bd7 15. Nxb4 Qxc4 16. Bxc4 Bxa4 17. c3 Ke7 18. O-O Rhc8 19. Bd3 a5 20. Nc2 Rab8
21. Rab1 Bc5+ 22. Nd4 Rd8 23. b3 Bxd4+ 24. cxd4 Bb5 25. Bxb5 Rxb5 26. Rfd1 Rbd5
27. Kf2 Rxd4 28. Rxd4 Rxd4 29. Ke3 Rd5 30. Rb2 g5 31. fxg5 Rxg5 32. Kd4 Kd6 33.
Rf2 Rg4+ 34. Kc3 f5 35. Re2 Kd5 36. a3 e5 37. b4 axb4+ 38. axb4 Rc4+ 39. Kb3
Rc1 40. Rd2+ Kc6 41. g3 Rb1+ 42. Kc3 Rc1+ 43. Kb3 Rb1+ 44. Kc3 Rc1+ 45. Kd3 Rf1
46. Rc2+ Kb5 47. Rc5+ Kxb4 48. Rxe5 Rh1 49. Re2 Kc5 50. Ke3 Rf1 51. Rd2 Kc6 52.
Rd4 Rh1 53. Rh4 Rf1 54. Rxh7 Kd6 55. Ke2 Ra1 56. Kf3 Rf1+ 57. Kg2 Ra1 58. h4
Ke6 59. Rh6+ Ke5 60. Rb6 Ra2+ 61. Kh3 Ra1 62. Rb2 Ra3 63. Kg2 Kf6 64. Rb6+ Ke5
65. h5 Ra2+ 66. Kh3 Ra1 67. Kh4 Ra4+ 68. Kh3 Ra1 69. h6 Rh1+ 70. Kg2 Rh5 71.
Kf3 Rh1 72. Ra6 Rh2 73. Ke3 Rh3 74. Ra5+ Kf6 75. Kf4 Kg6 76. Ra6+ Kh7 77. Rf6
Rh5 78. Ke5 Rh3 79. Kf4 Rh5 80. Rxf5 Rxh6 81. g4 Ra6 82. Rb5 Kg6 83. Rc5
1/2-1/2

[Event "DEM U18 2009"]
[Site "Willingen GER"]
[Date "2009.06.04"]
[Round "7"]
[White "Strunski, Andreas"]
[Black "Savchenko, Aleksij"]
[Result "1-0"]
[Termination "normal"]
[Board "3"]
[WhiteElo "2329"]
[BlackElo "2239"]
[PlyCount "69"]
[WhiteFideId "24606073"]
[BlackFideId "24611727"]
[EventCountry "GER"]
[EventRounds "9"]
[EventType "swiss"]
[EventDate "2009.05.30"]

1. d4 d5 2. c4 e6 3. Nc3 Be7 4. Nf3 Nf6 5. Bf4 O-O 6. e3 c6 7. Qc2 Nbd7 8. h3
Re8 9. a3 Nf8 10. c5 N6d7 11. b4 g5 12. Bh2 Ng6 13. Bd3 Bf6 14. O-O e5 15. dxe5
Ndxe5 16. Nxe5 Bxe5 17. f4 gxf4 18. exf4 Bd4+ 19. Kh1 Qf6 20. Rac1 Bd7 21. Ne2
Be3 22. Rb1 Kh8 23. Ng3 Rg8 24. Rf3 Rae8 25. Nh5 Qd4 26. Rd1 Nh4 27. Rg3 Bf2
28. Bf1 Re1 29. Rxe1 Bxe1 30. Bg1 Qa1 31. Qd3 Rxg3 32. Bd4+ Kg8 33. Nf6+ Kf8
34. Nxd7+ Ke7 35. Qe2+ 1-0

[Event "DEM U18 2009"]
[Site "Willingen GER"]
[Date "2009.06.04"]
[Round "7"]
[White "Geske, Julian"]
[Black "Jorczik, Julian"]
[Result "0-1"]
[Termination "normal"]
[Board "4"]
[BlackTitle "FM"]
[WhiteElo "2241"]
[BlackElo "2354"]
[PlyCount "72"]
[WhiteFideId "24605263"]
[BlackFideId "24611719"]
[EventCountry "GER"]
[EventRounds "9"]
[EventType "swiss"]
[EventDate "2009.05.30"]

1. e4 e6 2. d4 d5 3. Nd2 Be7 4. Bd3 c5 5. dxc5 Nf6 6. Qe2 O-O 7. Ngf3 a5 8. O-O
Na6 9. e5 Nd7 10. Nb3 a4 11. Nbd4 Ndxc5 12. a3 Nxd3 13. cxd3 Nc5 14. Bf4 Bd7
15. Rac1 Rc8 16. Rc3 Qb6 17. Bg5 Bxg5 18. Nxg5 h6 19. Ngf3 Nb3 20. Rxc8 Rxc8
21. Nc2 Bb5 22. Nb4 Qc5 23. Rd1 d4 24. Nd2 Nxd2 25. Qxd2 Qxe5 26. f4 Qd6 27.
Re1 Rc5 28. h3 Bd7 29. Re5 Bc6 30. Re1 b6 31. Qf2 Bb7 32. Nc2 Rf5 33. Nxd4 Rxf4
34. Nb5 Rxf2 35. Nxd6 Rxg2+ 36. Kf1 Bd5 0-1

[Event "DEM U18 2009"]
[Site "Willingen GER"]
[Date "2009.06.04"]
[Round "7"]
[White "Bigalke, Tobias"]
[Black "Hirneise, Jens"]
[Result "1-0"]
[Termination "normal"]
[Board "5"]
[BlackTitle "FM"]
[WhiteElo "2112"]
[BlackElo "2308"]
[PlyCount "207"]
[WhiteFideId "4698282"]
[BlackFideId "24614734"]
[EventCountry "GER"]
[EventRounds "9"]
[EventType "swiss"]
[EventDate "2009.05.30"]

1. e4 c5 2. Nf3 Nc6 3. Bb5 g6 4. Bxc6 dxc6 5. h3 Bg7 6. d3 Nf6 7. Nc3 O-O 8.
Be3 b6 9. Qd2 e5 10. O-O Qd6 11. a3 a5 12. Na4 Nd7 13. Qc3 Rd8 14. b3 f6 15.
Nd2 Rb8 16. Rab1 Qc7 17. b4 cxb4 18. axb4 b5 19. Nc5 Nxc5 20. Bxc5 a4 21. Nf3
Be6 22. Rfd1 Rd7 23. Be3 Rbd8 24. Rd2 Qb7 25. Rbd1 Qa8 26. Re2 Bf7 27. Nd2 Qa6
28. Nb1 h6 29. Na3 Kh7 30. Red2 Qc8 31. Bb6 Re8 32. f3 h5 33. Qb2 Bh6 34. Re2
Qb8 35. Bf2 Red8 36. Qc3 Qd6 37. Bb6 Rb8 38. Bc5 Qe6 39. Ree1 Bf8 40. Be3 Bd6
41. Rb1 Bc7 42. Red1 Qd6 43. Bc5 Bb6 44. Bxb6 Rxb6 45. Kf1 g5 46. Qc5 Rb8 47.
Qxd6 Rxd6 48. Ke2 Rd4 49. c3 Rd6 50. c4 Kg6 51. Rdc1 Rbd8 52. Rd1 bxc4 53. dxc4
Rd4 54. Rxd4 Rxd4 55. Rc1 f5 56. exf5+ Kxf5 57. Ke3 g4 58. hxg4+ hxg4 59. b5 c5
60. b6 Rd7 61. fxg4+ Kxg4 62. Rb1 Rb7 63. Rb2 Bg6 64. Rb5 Kf5 65. g3 Be8 66.
Rb2 Bc6 67. Nb1 Kg4 68. Nc3 a3 69. Rb3 a2 70. Nxa2 Kxg3 71. Nc1 e4 72. Rb2 Kg4
73. Ne2 Kf5 74. Ng3+ Kg4 75. Ne2 Rf7 76. Rb1 Rf3+ 77. Kd2 Rd3+ 78. Ke1 Bb7 79.
Rb5 e3 80. Rxc5 Ra3 81. Nd4 Be4 82. Ke2 Kf4 83. Ne6+ Kg4 84. Rg5+ Kh4 85. Re5
Bd3+ 86. Kxe3 Bxc4+ 87. Kd4 Rb3 88. Re4+ Kh5 89. Kc5 Ba6 90. Kc6 Bb5+ 91. Kd6
Ba6 92. Kc7 Rc3+ 93. Kb8 Rb3 94. Ka7 Ra3 95. Re5+ Kg6 96. Nc5 Kf6 97. Re1 Bf1+
98. Kb8 Bg2 99. Rc1 Ke7 100. Kc7 Ra5 101. Nb7 Rb5 102. Nd8 Ba8 103. Nc6+ Ke8
104. Ra1 1-0

[Event "DEM U18 2009"]
[Site "Willingen GER"]
[Date "2009.06.04"]
[Round "7"]
[White "Korman, Maxim"]
[Black "Wendling, Hannes"]
[Result "1/2-1/2"]
[Termination "normal"]
[Board "6"]
[WhiteElo "2170"]
[BlackElo "2132"]
[PlyCount "57"]
[WhiteFideId "24619787"]
[BlackFideId "24624284"]
[EventCountry "GER"]
[EventRounds "9"]
[EventType "swiss"]
[EventDate "2009.05.30"]

1. d4 Nf6 2. Nc3 d5 3. Bg5 Nbd7 4. f3 h6 5. Bh4 c5 6. e3 a6 7. Nge2 e6 8. g4
Qb6 9. Rb1 Be7 10. Bg3 Qc6 11. Bg2 b5 12. Qd2 Nb6 13. O-O Nc4 14. Qc1 b4 15.
Nd1 a5 16. Nf2 cxd4 17. exd4 Ba6 18. Re1 Rc8 19. c3 bxc3 20. Nxc3 Nxb2 21. Nxd5
Qxc1 22. Nxf6+ Bxf6 23. Rexc1 O-O 24. Be5 Bxe5 25. dxe5 Rxc1+ 26. Rxc1 Rc8 27.
Rxc8+ Bxc8 28. f4 Ba6 29. Bf1 1/2-1/2

[Event "DEM U18 2009"]
[Site "Willingen GER"]
[Date "2009.06.04"]
[Round "7"]
[White "Müller, Reinhold"]
[Black "Nuber, Blasius"]
[Result "1-0"]
[Termination "normal"]
[Board "7"]
[WhiteElo "2264"]
[BlackElo "2104"]
[PlyCount "99"]
[WhiteFideId "24605875"]
[BlackFideId "24620289"]
[EventCountry "GER"]
[EventRounds "9"]
[EventType "swiss"]
[EventDate "2009.05.30"]

1. d4 d5 2. c4 e6 3. Nf3 Nf6 4. g3 Be7 5. Bg2 O-O 6. Qc2 dxc4 7. Qxc4 a6 8. Qc2
Nc6 9. O-O Nxd4 10. Nxd4 Qxd4 11. Qxc7 Qc5 12. Qxc5 Bxc5 13. Nc3 e5 14. Bg5 Rb8
15. Rac1 Be6 16. Na4 Bd4 17. e3 Ba7 18. a3 b5 19. Bxf6 gxf6 20. Nc5 Bc4 21. Nd7
Bxf1 22. Rxf1 Rbd8 23. Nxf8 Kxf8 24. Rc1 Ke7 25. Bb7 a5 26. Ba6 b4 27. axb4
axb4 28. Rc4 Rd1+ 29. Kg2 Rd2 30. Kf1 Rd6 31. Bc8 Bb6 32. Rxb4 Rc6 33. Bf5 h6
34. Rh4 Rc1+ 35. Ke2 Ra1 36. Rb4 Ba5 37. Rb7+ Kf8 38. Bd3 Re1+ 39. Kf3 Rc1 40.
b4 Rc3 41. Be4 Bd8 42. b5 Rc5 43. Rb8 Ke7 44. b6 Rb5 45. b7 Bc7 46. Rc8 Kd6 47.
g4 h5 48. gxh5 f5 49. Bxf5 Rxb7 50. h6 1-0

[Event "DEM U18 2009"]
[Site "Willingen GER"]
[Date "2009.06.04"]
[Round "7"]
[White "Völsgen, Georg"]
[Black "Kachibadze, Georg"]
[Result "0-1"]
[Termination "normal"]
[Board "8"]
[WhiteElo "1923"]
[BlackElo "2171"]
[PlyCount "86"]
[WhiteFideId "24635901"]
[BlackFideId "24640794"]
[EventCountry "GER"]
[EventRounds "9"]
[EventType "swiss"]
[EventDate "2009.05.30"]

1. e4 c5 2. Nc3 Nc6 3. f4 g6 4. Nf3 Bg7 5. Bc4 e6 6. e5 d5 7. exd6 Qxd6 8. d3
b6 9. O-O Nge7 10. Ne4 Qc7 11. Qe1 Nf5 12. c3 h5 13. Nh4 Nce7 14. h3 Bd7 15.
Bd2 Bc6 16. Rd1 Qd8 17. Bc1 Nxh4 18. Qxh4 Nf5 19. Qe1 Qe7 20. Be3 Rd8 21. Bf2
Qb7 22. Qe2 O-O 23. g4 hxg4 24. hxg4 Nd6 25. Nxd6 Rxd6 26. Bg3 Qe7 27. Qh2 Rdd8
28. Bh4 Bf6 29. Bxf6 Qxf6 30. Qg3 Kg7 31. Rd2 Rh8 32. Kf2 b5 33. Bb3 b4 34. g5
Qf5 35. Qe3 bxc3 36. bxc3 Rh3 37. Qe5+ Qxe5 38. fxe5 Rdxd3 39. Rxd3 Rxd3 40.
Ke2 Rxc3 41. Rg1 c4 42. Kd2 Rd3+ 43. Ke2 Bf3+ 0-1

[Event "DEM U18 2009"]
[Site "Willingen GER"]
[Date "2009.06.04"]
[Round "7"]
[White "Bradler, Stephan"]
[Black "Tkachuk, Konstantyn"]
[Result "1-0"]
[Termination "normal"]
[Board "9"]
[WhiteElo "2006"]
[BlackElo "2214"]
[PlyCount "69"]
[WhiteFideId "24629367"]
[BlackFideId "24647330"]
[EventCountry "GER"]
[EventRounds "9"]
[EventType "swiss"]
[EventDate "2009.05.30"]

1. e4 c5 2. Nf3 d6 3. d4 cxd4 4. Nxd4 Nf6 5. Nc3 g6 6. Be3 Bg7 7. f3 O-O 8. Qd2
Nc6 9. g4 Nxd4 10. Bxd4 Be6 11. h4 Qa5 12. h5 Rac8 13. a3 Rc6 14. b4 Qc7 15.
Nb5 Qd7 16. Nxa7 Rc4 17. Bxc4 Bxc4 18. h6 Bh8 19. g5 Nxe4 20. fxe4 Qg4 21. Bxh8
Qxe4+ 22. Kf2 Kxh8 23. Rae1 Qf5+ 24. Kg3 e5 25. Rh4 d5 26. Qe3 f6 27. c3 e4 28.
Kh2 fxg5 29. Rh3 g4 30. Rg3 g5 31. Qd4+ Rf6 32. Nc8 Qg6 33. Nd6 Qxh6+ 34. Kg1
Qg7 35. Ne8 1-0